[Event "Ramat Gan Spring op"]
[Site "Ramat Gan"]
[Date "2023.06.19"]
[Round "6"]
[White "Malachi, Avraham"]
[Black "Shilon Rahav, Eliran"]
[Result "0-1"]
[WhiteElo "1921"]
[BlackElo "1840"]
[PlyCount "80"]
[EventDate "2023.05.01"]
[EventType "swiss"]
[EventRounds "7"]
[EventCountry "ISR"]
[SourceTitle "CBM 215 Extra"]
[Source "ChessBase"]
[SourceDate "2023.09.30"]
[SourceVersion "1"]
[SourceVersionDate "2023.09.30"]
[SourceQuality "1"]

1. e4 c5 2. Nf3 a6 3. g3 Nc6 4. Bg2 e5 5. 0-0 g6 6. c3 Bg7 7. d3 Nge7 8. Be3 d6 9. h3 0-0 10. Na3 f5 11. exf5 Nxf5 12. Bg5 Qc7 13. g4 Nfe7 14. Qd2 Rb8 15. Bh6 b5 16. Bxg7 Kxg7 17. d4 cxd4 18. cxd4 e4 19. Nh2 d5 20. f3 exf3 21. Nxf3 Na5 22. Rac1 Nc4 23. Nxc4 bxc4 24. b3 Bb7 25. Ng5 Qd6 26. bxc4 Rxf1+ 27. Rxf1 dxc4 28. Rf7+ Kg8 29. Rxh7 Bxg2 30. Rh8+ Kg7 31. Rxb8 Qxb8 32. Kxg2 Nd5 33. Ne6+ Kf7 34. Ng5+ Kg8 35. Ne6 Qd6 36. Ng5 c3 37. Qe1 Qe7 38. Qc1 Qe3 39. Qb1 Qxg5 40. Qb8+ Kh7 0-1

[Event "Ramat Gan Spring op"]
[Site "Ramat Gan"]
[Date "2023.05.29"]
[Round "4"]
[White "Malachi, Avraham"]
[Black "Berlad, Asaf"]
[Result "1-0"]
[WhiteElo "1921"]
[BlackElo "1753"]
[PlyCount "91"]
[EventDate "2023.05.01"]
[EventType "swiss"]
[EventRounds "7"]
[EventCountry "ISR"]
[SourceTitle "CBM 215 Extra"]
[Source "ChessBase"]
[SourceDate "2023.09.30"]
[SourceVersion "1"]
[SourceVersionDate "2023.09.30"]
[SourceQuality "1"]

1. e4 e5 2. Nf3 Nc6 3. Bb5 Nf6 4. Qe2 Bc5 5. 0-0 d6 6. h3 0-0 7. d3 Nd4 8. Nxd4 Bxd4 9. c3 Bb6 10. Bg5 c6 11. Bc4 h6 12. Bh4 Be6 13. Nd2 Qe7 14. Bb3 a5 15. Nc4 Bc5 16. Ne3 Bxb3 17. Nf5 Qe6 18. axb3 d5 19. Qf3 Nh7 20. Rae1 Ng5 21. Qg4 Qf6 22. Kh1 Be7 23. exd5 Rae8 24. f4 exf4 25. Rxf4 Bd6 26. Ne7+ Qxe7 27. Rxe7 Rxe7 28. Rf1 cxd5 29. Re1 Rxe1+ 30. Bxe1 Ne6 31. Bg3 f5 32. Qg6 Bxg3 33. Qxg3 f4 34. Qf3 Rf5 35. Qf2 f3 36. gxf3 Ng5 37. Qc5 Rxf3 38. Qxd5+ Kh7 39. Kg2 Rxh3 40. Qf5+ Kg8 41. d4 Re3 42. d5 Re2+ 43. Kf1 Re7 44. Qc8+ Kf7 45. d6 Re8 46. d7 1-0

[Event "Ramat Gan Spring op"]
[Site "Ramat Gan"]
[Date "2023.05.01"]
[Round "1"]
[White "Kaganskiy, Gleb"]
[Black "Malachi, Avraham"]
[Result "1/2-1/2"]
[WhiteElo "2172"]
[BlackElo "1921"]
[PlyCount "48"]
[EventDate "2023.05.01"]
[EventType "swiss"]
[EventRounds "7"]
[EventCountry "ISR"]
[SourceTitle "CBM 215 Extra"]
[Source "ChessBase"]
[SourceDate "2023.09.30"]
[SourceVersion "1"]
[SourceVersionDate "2023.09.30"]
[SourceQuality "1"]

1. e4 e5 2. Nf3 Nc6 3. d4 exd4 4. Bc4 Nf6 5. Ng5 Ne5 6. Bb3 h6 7. f4 hxg5 8. fxe5 Nxe4 9. Qxd4 Nc5 10. 0-0 Nxb3 11. axb3 d6 12. Nc3 Be6 13. Rxa7 Rxa7 14. Qxa7 dxe5 15. Rd1 Bd6 16. Qxb7 g4 17. g3 0-0 18. Be3 Qa8 19. Qxa8 Rxa8 20. Na4 Bf5 21. Rc1 Bd7 22. Ra1 Bf5 23. Rc1 Bd7 24. Ra1 Bc6 1/2-1/2

[Event "Ramat Gan op"]
[Site "Ramat Gan"]
[Date "2023.02.13"]
[Round "4"]
[White "Goz, Shachar"]
[Black "Malachi, Avraham"]
[Result "0-1"]
[WhiteElo "1623"]
[BlackElo "1975"]
[PlyCount "52"]
[EventDate "2023.01.16"]
[EventType "swiss"]
[EventRounds "7"]
[EventCountry "ISR"]
[SourceTitle "CBM 213 Extra"]
[Source "ChessBase"]
[SourceDate "2023.05.31"]
[SourceVersion "1"]
[SourceVersionDate "2023.05.31"]
[SourceQuality "1"]

1. e4 e5 2. Bc4 Bc5 3. d3 Nf6 4. Nc3 Nc6 5. f4 exf4 6. Bxf4 0-0 7. Nf3 d6 8. Na4 Bd4 9. Nxd4 Nxd4 10. 0-0 b5 11. Be3 Bg4 12. Qd2 Ne2+ 13. Kh1 bxc4 14. Rae1 Qd7 15. Rxe2 Bxe2 16. Qxe2 cxd3 17. Qxd3 Qxa4 18. Rxf6 Rae8 19. Rf4 Qxa2 20. h3 Qe6 21. Rg4 f5 22. exf5 Qxe3 23. Qc4+ Rf7 24. f6 Qe1+ 25. Kh2 Qe5+ 26. Kh1 Qxf6 0-1

[Event "Ramat Gan op"]
[Site "Ramat Gan"]
[Date "2023.01.30"]
[Round "3"]
[White "Malachi, Avraham"]
[Black "Gurevich, Neria"]
[Result "1/2-1/2"]
[WhiteElo "1975"]
[BlackElo "1543"]
[PlyCount "57"]
[EventDate "2023.01.16"]
[EventType "swiss"]
[EventRounds "7"]
[EventCountry "ISR"]
[SourceTitle "CBM 213 Extra"]
[Source "ChessBase"]
[SourceDate "2023.05.31"]
[SourceVersion "1"]
[SourceVersionDate "2023.05.31"]
[SourceQuality "1"]

1. e4 c5 2. Nf3 e6 3. d3 Nc6 4. g3 d5 5. Nbd2 Nf6 6. Bg2 Be7 7. 0-0 0-0 8. Re1 b5 9. e5 Nd7 10. h4 f6 11. exf6 Bxf6 12. Bh3 Nde5 13. Nxe5 Bxe5 14. Nf3 Qf6 15. Bg2 Bxb2 16. Bxb2 Qxb2 17. Rb1 Qf6 18. Rxb5 Nd4 19. Nxd4 Qxf2+ 20. Kh2 Qxd4 21. Qd2 Rf2 22. Qg5 Ba6 23. Rbb1 Raf8 24. Rxe6 Rxg2+ 25. Kxg2 Qf2+ 26. Kh1 Qf3+ 27. Kh2 Qf2+ 28. Kh1 Qf3+ 29. Kh2 1/2-1/2

[Event "Ramat Gan op"]
[Site "Ramat Gan"]
[Date "2023.01.23"]
[Round "2"]
[White "Gavriely, Or"]
[Black "Malachi, Avraham"]
[Result "1-0"]
[WhiteElo "1991"]
[BlackElo "1975"]
[PlyCount "47"]
[EventDate "2023.01.16"]
[EventType "swiss"]
[EventRounds "7"]
[EventCountry "ISR"]
[SourceTitle "CBM 213 Extra"]
[Source "ChessBase"]
[SourceDate "2023.05.31"]
[SourceVersion "1"]
[SourceVersionDate "2023.05.31"]
[SourceQuality "1"]

1. d4 Nf6 2. c4 g6 3. Nc3 Bg7 4. e4 d6 5. Be2 0-0 6. Be3 e5 7. d5 a5 8. g4 Ne8 9. g5 f5 10. gxf6 Qxf6 11. Qd2 h6 12. h4 Na6 13. 0-0-0 Kh7 14. Nh3 Bxh3 15. Rxh3 Nc5 16. Rg1 Rg8 17. Bg4 Bf8 18. Bg5 Qf7 19. Rf3 Qg7 20. Be6 Nxe6 21. dxe6 hxg5 22. Rf7 gxh4 23. Qg5 Kh8 24. Rh1 1-0

[Event "Ramat Gan Winter op"]
[Site "Ramat Gan"]
[Date "2023.01.07"]
[Round "5"]
[White "Aizenberg, Benny"]
[Black "Malachi, Avraham"]
[Result "1/2-1/2"]
[WhiteElo "2348"]
[BlackElo "1975"]
[PlyCount "156"]
[EventDate "2023.01.07"]
[EventType "swiss (rapid)"]
[EventRounds "6"]
[EventCountry "ISR"]
[SourceTitle "CBM 212 Extra"]
[Source "ChessBase"]
[SourceDate "2023.03.31"]
[SourceVersion "1"]
[SourceVersionDate "2023.03.31"]
[SourceQuality "1"]

1. e4 e5 2. Nf3 Nc6 3. d4 exd4 4. Nxd4 Nf6 5. Nxc6 bxc6 6. e5 Qe7 7. Qe2 Nd5 8. h4 d6 9. c4 Nb6 10. exd6 cxd6 11. Be3 Be6 12. Qc2 g6 13. Nd2 Bg7 14. Bd3 0-0 15. h5 d5 16. Kf1 dxc4 17. Nxc4 Nxc4 18. Bxc4 Bxc4+ 19. Qxc4 Qe6 20. Qxe6 fxe6 21. Rb1 Rab8 22. b3 a5 23. h6 Be5 24. Rc1 Bf4 25. Bxf4 Rxf4 26. Rxc6 a4 27. Rh3 Rfb4 28. Rxe6 axb3 29. Rxb3 Rxb3 30. axb3 Rxb3 31. Re8+ Kf7 32. Rh8 g5 33. Rxh7+ Kg6 34. Rh8 Rb1+ 35. Ke2 Rb2+ 36. Kf3 Rb3+ 37. Kg4 Rb4+ 38. Kg3 Rb2 39. f3 Rb5 40. Kh3 Ra5 41. Kg3 Rb5 42. Kf2 Rb2+ 43. Kg1 Rb1+ 44. Kh2 Rb5 45. Kh3 Ra5 46. g3 Ra3 47. Kg4 Ra4+ 48. f4 gxf4 49. gxf4 Rb4 50. Kf3 Rb3+ 51. Ke4 Rb4+ 52. Ke3 Rb3+ 53. Ke4 Rb4+ 54. Kf3 Rb3+ 55. Kg4 Rb4 56. Rg8+ Kxh6 57. Rg5 Ra4 58. Kg3 Ra3+ 59. Kh4 Ra4 60. Rg4 Ra1 61. Kh3 Ra3+ 62. Kg2 Rb3 63. Rg8 Kh7 64. Rg5 Kh6 65. Kf2 Ra3 66. Rg1 Rb3 67. Rg4 Ra3 68. Ke2 Rb3 69. Rg1 Ra3 70. f5 Ra5 71. Rf1 Kg7 72. f6+ Kf7 73. Ke3 Ra6 74. Rh1 Rxf6 75. Ke4 Re6+ 76. Kf5 Re2 77. Rh7+ Ke8 78. Kf6 Re6+ 1/2-1/2

[Event "Ramat Gan Winter op"]
[Site "Ramat Gan"]
[Date "2023.01.07"]
[Round "6"]
[White "Malachi, Avraham"]
[Black "Ribshtein, Nati"]
[Result "0-1"]
[WhiteElo "1975"]
[BlackElo "2255"]
[PlyCount "40"]
[EventDate "2023.01.07"]
[EventType "swiss (rapid)"]
[EventRounds "6"]
[EventCountry "ISR"]
[SourceTitle "CBM 212 Extra"]
[Source "ChessBase"]
[SourceDate "2023.03.31"]
[SourceVersion "1"]
[SourceVersionDate "2023.03.31"]
[SourceQuality "1"]

1. e4 c5 2. Nf3 e6 3. d3 Nc6 4. g3 d5 5. Nbd2 Nge7 6. Bg2 g6 7. 0-0 Bg7 8. Re1 b6 9. c3 Bb7 10. e5 Qc7 11. Qe2 h6 12. h4 g5 13. hxg5 hxg5 14. Nxg5 Nxe5 15. f4 N5g6 16. Nxf7 Kxf7 17. Qxe6+ Kf8 18. f5 Bc8 19. Qe2 Bxf5 20. Rf1 Qxg3 0-1

[Event "Ramat Gan Winter op"]
[Site "Ramat Gan"]
[Date "2023.01.07"]
[Round "1"]
[White "Rahmilevitz, Anton"]
[Black "Malachi, Avraham"]
[Result "1/2-1/2"]
[WhiteElo "2250"]
[BlackElo "1975"]
[PlyCount "73"]
[EventDate "2023.01.07"]
[EventType "swiss (rapid)"]
[EventRounds "6"]
[EventCountry "ISR"]
[SourceTitle "CBM 212 Extra"]
[Source "ChessBase"]
[SourceDate "2023.03.31"]
[SourceVersion "1"]
[SourceVersionDate "2023.03.31"]
[SourceQuality "1"]

1. e4 e5 2. Nf3 Nc6 3. Bb5 a6 4. Ba4 Nf6 5. d3 b5 6. Bb3 Be7 7. c3 0-0 8. 0-0 h6 9. h3 Bb7 10. Re1 Re8 11. Nbd2 Bf8 12. Nf1 Na5 13. Bc2 c5 14. Ng3 d5 15. Qe2 c4 16. dxc4 dxe4 17. Nxe4 Nxe4 18. Bxe4 Bxe4 19. Qxe4 Nxc4 20. Qg4 Qc8 21. Qg3 e4 22. Nd4 Bd6 23. Qh4 Qd8 24. Qh5 Re5 25. Qe2 Qf6 26. a4 Rae8 27. axb5 axb5 28. b3 e3 29. f4 Qxf4 30. Rf1 Qg3 31. Rf3 Qf2+ 32. Rxf2 exf2+ 33. Kxf2 Rxe2+ 34. Nxe2 Ne5 35. Be3 Nd3+ 36. Kf3 Ne5+ 37. Kf2 1/2-1/2

[Event "EU Corporate-ch"]
[Site "Rotterdam"]
[Date "2022.06.19"]
[Round "6"]
[White "Malachi, Avraham"]
[Black "Jonkman, Harmen"]
[Result "0-1"]
[WhiteElo "1997"]
[BlackElo "2384"]
[PlyCount "84"]
[EventDate "2022.06.18"]
[EventType "team-tourn (rapid)"]
[EventRounds "9"]
[EventCountry "NED"]
[SourceTitle "EXT 2023"]
[Source "ChessBase"]
[SourceDate "2022.10.05"]
[SourceVersion "1"]
[SourceVersionDate "2022.10.05"]
[SourceQuality "1"]

1. e4 e5 2. Nf3 Nc6 3. Bb5 Nf6 4. Qe2 Bc5 5. 0-0 Nd4 6. Nxd4 Bxd4 7. c3 Bb6 8. d3 c6 9. Ba4 h6 10. Be3 d6 11. Nd2 0-0 12. Bxb6 Qxb6 13. Nc4 Qc7 14. Bb3 Re8 15. Qf3 d5 16. Ne3 dxe4 17. dxe4 a5 18. a4 Qb6 19. Ra3 Qc5 20. Raa1 Bd7 21. Ba2 Rad8 22. Rad1 Bc8 23. h3 Kf8 24. Rxd8 Rxd8 25. Rd1 Rxd1+ 26. Qxd1 Ke7 27. Qd3 b5 28. axb5 cxb5 29. Nd5+ Nxd5 30. Bxd5 b4 31. cxb4 axb4 32. Qg3 Qc1+ 33. Kh2 Qf4 34. Qxf4 exf4 35. f3 f6 36. g3 fxg3+ 37. Kxg3 Kd6 38. f4 Kc5 39. h4 Kd4 40. Kf3 Ba6 41. Bb3 Bb7 42. Bc2 f5 0-1

[Event "EU-ch Seniors 65 Rapid"]
[Site "Porto"]
[Date "2014.03.20"]
[Round "7"]
[White "Kozlovskaya, Valentina"]
[Black "Malachi, Avraham"]
[Result "0-1"]
[WhiteElo "2155"]
[BlackElo "2097"]
[PlyCount "99"]
[EventDate "2014.03.19"]
[EventType "swiss (rapid)"]
[EventRounds "9"]
[EventCountry "POR"]
[SourceTitle "EXT 2015"]
[Source "ChessBase"]
[SourceDate "2014.11.20"]
[SourceVersion "1"]
[SourceVersionDate "2014.11.20"]
[SourceQuality "1"]

1. d4 Nf6 2. c4 g6 3. Nc3 Bg7 4. e4 d6 5. Nf3 0-0 6. h3 c5 7. Be3 Qa5 8. Qd2 cxd4 9. Nxd4 Nc6 10. Nb3 Qb4 11. f4 Be6 12. Be2 Bxc4 13. 0-0 Bxe2 14. Qxe2 Nxe4 15. Nd5 Qa4 16. Kh2 e6 17. Nc7 Rac8 18. Nb5 a6 19. Na3 d5 20. Nc5 Nxc5 21. Bxc5 Nd4 22. Bxd4 Qxd4 23. Rab1 Qe4 24. Qd2 Qd4 25. Qe2 b5 26. Nc2 Qe4 27. Qxe4 dxe4 28. Ne3 Rfd8 29. b3 f5 30. Rfd1 Rd3 31. Rxd3 exd3 32. Rd1 Rd8 33. Kg3 e5 34. fxe5 Bxe5+ 35. Kf3 Kf7 36. g4 Ke6 37. Ng2 Rd4 38. gxf5+ gxf5 39. Rd2 a5 40. Ne1 Rh4 41. Nxd3 Rxh3+ 42. Ke2 Rh2+ 43. Kd1 Rxd2+ 44. Kxd2 Kd5 45. Ke3 h5 46. a4 bxa4 47. bxa4 h4 48. Kf3 h3 49. Nc1 Kc4 50. Ne2 0-1

[Event "EU-ch Seniors 65 Rapid"]
[Site "Porto"]
[Date "2014.03.19"]
[Round "1"]
[White "Malachi, Avraham"]
[Black "Beznosikov, Vladimir"]
[Result "1/2-1/2"]
[WhiteElo "2097"]
[BlackElo "2356"]
[PlyCount "122"]
[EventDate "2014.03.19"]
[EventType "swiss (rapid)"]
[EventRounds "9"]
[EventCountry "POR"]
[SourceTitle "EXT 2015"]
[Source "ChessBase"]
[SourceDate "2014.11.20"]
[SourceVersion "1"]
[SourceVersionDate "2014.11.20"]
[SourceQuality "1"]

1. Nf3 c5 2. g3 g6 3. Bg2 Bg7 4. 0-0 Nc6 5. d3 d5 6. Nbd2 Nf6 7. e4 0-0 8. Re1 Bg4 9. h3 Bxf3 10. Qxf3 dxe4 11. dxe4 Nd7 12. Qd1 Nb6 13. f4 Qc7 14. c3 Rad8 15. Qe2 Na5 16. Nf3 Nac4 17. e5 e6 18. b3 Na5 19. Qb5 Nd5 20. Bd2 a6 21. Qe2 b5 22. Rad1 c4 23. b4 Nc6 24. Ng5 a5 25. a3 axb4 26. axb4 Ra8 27. Ra1 Rxa1 28. Rxa1 Nxe5 29. fxe5 Bxe5 30. Bxd5 exd5 31. g4 d4 32. Nf3 dxc3 33. Bh6 Bg7 34. Bxg7 Kxg7 35. Rc1 Qg3+ 36. Qg2 Qf4 37. Rxc3 Ra8 38. Qb2 Qg3+ 39. Kh1 Kg8 40. Ng1 Qe5 41. Qd2 Re8 42. Rf3 Kg7 43. Kg2 f6 44. Rf2 Qe4+ 45. Nf3 Re7 46. Qd4 Qxd4 47. Nxd4 Re5 48. Re2 Rd5 49. Ne6+ Kf7 50. Nc7 Rg5 51. Kf3 h5 52. Kf4 hxg4 53. hxg4 c3 54. Rc2 Re5 55. Rxc3 g5+ 56. Kf3 f5 57. gxf5 Rxf5+ 58. Kg3 Re5 59. Rc5 Rxc5 60. bxc5 b4 61. Nd5 b3 1/2-1/2

[Event "EU-ch Seniors 12th"]
[Site "Kaunas"]
[Date "2012.08.24"]
[Round "7"]
[White "Malachi, Avraham"]
[Black "Barle, Janez"]
[Result "0-1"]
[WhiteElo "2127"]
[BlackElo "2382"]
[PlyCount "65"]
[EventDate "2012.08.18"]
[EventType "swiss"]
[EventRounds "9"]
[EventCountry "LTU"]
[SourceTitle "CBM 150 Extra"]
[Source "ChessBase"]
[SourceDate "2012.10.19"]
[SourceVersion "1"]
[SourceVersionDate "2012.10.19"]
[SourceQuality "1"]

1. e4 c5 2. Nf3 Nc6 3. d4 cxd4 4. Nxd4 g6 5. Nc3 Bg7 6. Be3 Nf6 7. Bc4 Na5 8. Be2 d6 9. Qd2 Ng4 10. Bxg4 Bxg4 11. b3 Nc6 12. f3 Bd7 13. Nxc6 bxc6 14. Bd4 f6 15. 0-0 0-0 16. Rad1 Qa5 17. Ne2 Qxd2 18. Rxd2 Bh6 19. f4 c5 20. Be3 Bc6 21. Nc3 Kf7 22. g4 f5 23. exf5 gxf5 24. g5 Bg7 25. Ne2 Rfc8 26. Ng3 Bd7 27. c4 a5 28. h4 a4 29. h5 axb3 30. axb3 Ra3 31. Rb1 Ke6 32. Bf2 Rb8 33. Re1+ 0-1

[Event "EU-ch Seniors 12th"]
[Site "Kaunas"]
[Date "2012.08.21"]
[Round "4"]
[White "Kaunas, Kestutis"]
[Black "Malachi, Avraham"]
[Result "1/2-1/2"]
[WhiteElo "2255"]
[BlackElo "2127"]
[PlyCount "75"]
[EventDate "2012.08.18"]
[EventType "swiss"]
[EventRounds "9"]
[EventCountry "LTU"]
[SourceTitle "CBM 150 Extra"]
[Source "ChessBase"]
[SourceDate "2012.10.19"]
[SourceVersion "1"]
[SourceVersionDate "2012.10.19"]
[SourceQuality "1"]

1. d4 Nf6 2. c4 g6 3. Nc3 Bg7 4. e4 d6 5. Nf3 0-0 6. Be2 e5 7. Be3 Nc6 8. d5 Ne7 9. Nd2 Ne8 10. g4 f5 11. gxf5 gxf5 12. Bg5 Bf6 13. h4 Ng6 14. Nf3 Nf4 15. Qd2 Kh8 16. 0-0-0 fxe4 17. Nxe4 Nxe2+ 18. Qxe2 Bg4 19. Rd3 Qd7 20. Nxf6 Nxf6 21. Qe3 Bxf3 22. Qxf3 Ng4 23. Qh3 Qf5 24. Rb3 Nxf2 25. Qxf5 Rxf5 26. Re1 b6 27. Kd2 a5 28. Re2 Ng4 29. Rg3 h5 30. b3 Raf8 31. a3 Rf1 32. Kc2 Kg7 33. b4 axb4 34. axb4 Ra8 35. Rb3 Kg6 36. Rc3 Kf5 37. c5 bxc5 38. bxc5 1/2-1/2

[Event "EU-ch 11th"]
[Site "Rijeka"]
[Date "2010.03.11"]
[Round "6"]
[White "Monjac, Mislav"]
[Black "Malachi, Avraham"]
[Result "0-1"]
[WhiteElo "1876"]
[BlackElo "2188"]
[PlyCount "38"]
[EventDate "2010.03.06"]
[EventType "swiss"]
[EventRounds "11"]
[EventCountry "CRO"]
[SourceTitle "CBM 136"]
[Source "ChessBase"]
[SourceDate "2010.05.18"]
[SourceVersion "1"]
[SourceVersionDate "2010.05.18"]
[SourceQuality "1"]

1. e4 e5 2. Nf3 Nc6 3. Bc4 Bc5 4. c3 Nf6 5. d3 a6 6. Bb3 Ba7 7. Nbd2 h6 8. Nf1 0-0 9. h3 d5 10. Qe2 Be6 11. Bc2 b5 12. g4 dxe4 13. dxe4 Bc4 14. Qd2 Qe7 15. g5 Rad8 16. gxf6 Qxf6 17. Bd3 Rxd3 18. Qc2 Qxf3 19. Rg1 Bxf2+ 0-1

[Event "WMSG Rapid Team 1st"]
[Site "Beijing"]
[Date "2008.10.16"]
[Round "8"]
[White "Malachi, Avraham"]
[Black "Haugstad, Espen"]
[Result "1/2-1/2"]
[WhiteElo "2195"]
[BlackElo "2091"]
[PlyCount "79"]
[EventDate "2008.10.14"]
[EventType "team (rapid)"]
[EventRounds "9"]
[EventCountry "CHN"]
[SourceTitle "CBM 126 Extra"]
[Source "ChessBase"]
[SourceDate "2008.11.05"]
[SourceVersion "1"]
[SourceVersionDate "2008.11.05"]
[SourceQuality "1"]

1. e4 e5 2. Nf3 Nc6 3. Bb5 a6 4. Bxc6 dxc6 5. 0-0 f6 6. d4 exd4 7. Nxd4 c5 8. Nb3 Qxd1 9. Rxd1 Bd6 10. Na5 b6 11. Nc4 Be7 12. Bf4 Be6 13. Ne3 Bd8 14. Nc3 Ne7 15. Ned5 Rc8 16. Nxe7 Kxe7 17. Nd5+ Kf7 18. a4 h5 19. h3 c6 20. Ne3 g6 21. Rd2 Bc7 22. Bxc7 Rxc7 23. Rad1 Rcc8 24. f4 Rc7 25. Rd8 Rxd8 26. Rxd8 b5 27. a5 Ke7 28. Rd2 Bf7 29. Kf2 c4 30. c3 Rd7 31. Rxd7+ Kxd7 32. g4 hxg4 33. Nxg4 Ke7 34. Ke3 c5 35. e5 fxe5 36. Nxe5 Be8 37. Ke4 Ke6 38. h4 Kf6 39. Ke3 Kf5 40. Kf3 1/2-1/2

[Event "WMSG Rapid Team 1st"]
[Site "Beijing"]
[Date "2008.10.15"]
[Round "5"]
[White "Martyn, Rafe"]
[Black "Malachi, Avraham"]
[Result "1-0"]
[WhiteElo "2293"]
[BlackElo "2195"]
[PlyCount "93"]
[EventDate "2008.10.14"]
[EventType "team (rapid)"]
[EventRounds "9"]
[EventCountry "CHN"]
[SourceTitle "CBM 126 Extra"]
[Source "ChessBase"]
[SourceDate "2008.11.05"]
[SourceVersion "1"]
[SourceVersionDate "2008.11.05"]
[SourceQuality "1"]

1. d4 Nf6 2. Bg5 d5 3. Bxf6 exf6 4. e3 Bd6 5. Bd3 f5 6. Nd2 c6 7. Qf3 Qf6 8. Ne2 0-0 9. h4 Re8 10. 0-0-0 Na6 11. c3 b5 12. Kb1 Nc7 13. Ng3 Bxg3 14. Qxg3 Ne6 15. Qf3 Nd8 16. Nf1 Nb7 17. Qf4 Nd6 18. Nd2 a5 19. Nf3 Nc4 20. h5 h6 21. Qc7 Qd6 22. Qxd6 Nxd6 23. Ne5 Bb7 24. Rh4 f6 25. Ng6 Ne4 26. Rf4 Bc8 27. Nh4 Nd6 28. Nxf5 Nxf5 29. Bxf5 Bxf5+ 30. Rxf5 Re4 31. g3 a4 32. a3 Kf7 33. Rh1 Rae8 34. Kc2 Ke6 35. Rf3 Rg4 36. Kd3 f5 37. Rf4 Rxf4 38. gxf4 Kf7 39. Kc2 Re6 40. b3 axb3+ 41. Kxb3 g6 42. Kb4 gxh5 43. Rxh5 Kg6 44. Rh1 h5 45. a4 bxa4 46. Kxa4 Kf7 47. Rxh5 1-0

[Event "WMSG Blitz Team 1st"]
[Site "Beijing"]
[Date "2008.10.13"]
[Round "8"]
[White "Danielsen, Henrik"]
[Black "Malachi, Avraham"]
[Result "1-0"]
[WhiteElo "2492"]
[BlackElo "2195"]
[PlyCount "50"]
[EventDate "2008.10.13"]
[EventType "tourn (blitz)"]
[EventRounds "11"]
[EventCountry "CHN"]
[SourceTitle "CBM 126 Extra"]
[Source "ChessBase"]
[SourceDate "2008.11.05"]
[SourceVersion "1"]
[SourceVersionDate "2008.11.05"]
[SourceQuality "1"]

1. g3 Nf6 2. Bg2 g6 3. c4 Bg7 4. Nc3 0-0 5. e4 e5 6. Nge2 d6 7. h3 Nc6 8. f4 exf4 9. gxf4 Nh5 10. 0-0 Nd4 11. d3 Qh4 12. Kh2 Nxe2 13. Be3 f5 14. Nxe2 Qe1 15. Qxe1 Bxb2 16. Rb1 Bg7 17. a4 Re8 18. Rb3 Ng3 19. Nxg3 fxe4 20. dxe4 a6 21. a5 Re7 22. c5 dxc5 23. Bxc5 c6 24. e5 Re8 25. Bf8 Kxf8 1-0

[Event "WMSG Blitz Team 1st"]
[Site "Beijing"]
[Date "2008.10.13"]
[Round "9"]
[White "Malachi, Avraham"]
[Black "Demac, Elias"]
[Result "0-1"]
[WhiteElo "2195"]
[BlackElo "1993"]
[PlyCount "86"]
[EventDate "2008.10.13"]
[EventType "tourn (blitz)"]
[EventRounds "11"]
[EventCountry "CHN"]
[SourceTitle "CBM 126 Extra"]
[Source "ChessBase"]
[SourceDate "2008.11.05"]
[SourceVersion "1"]
[SourceVersionDate "2008.11.05"]
[SourceQuality "1"]

1. e4 c5 2. Nf3 Nc6 3. d4 cxd4 4. Nxd4 Nf6 5. Nc3 e5 6. Nde2 Bb4 7. a3 Ba5 8. Bd2 0-0 9. Ng3 d5 10. exd5 Nxd5 11. Nxd5 Qxd5 12. Bxa5 Qxa5+ 13. Qd2 Qb6 14. 0-0-0 Be6 15. Kb1 Rfd8 16. Bd3 Bc4 17. Qe3 Bxd3 18. Rxd3 Qxe3 19. fxe3 Rxd3 20. cxd3 Rd8 21. Kc2 f6 22. Nf5 g6 23. Nh6+ Kg7 24. Ng4 f5 25. Nf2 Rc8 26. Kd2 Na5 27. b4 Nb3+ 28. Ke2 Rc2+ 29. Kf3 Ra2 30. g4 Rxa3 31. gxf5 gxf5 32. Rg1+ Kf6 33. Rg8 Nd2+ 34. Ke2 Ra2 35. Rf8+ Kg5 36. Rg8+ Kh5 37. Nh1 f4 38. exf4 exf4 39. Rf8 Kg5 40. Rg8+ Kf5 41. Rf8+ Ke5 42. Re8+ Kd4 43. Rf8 Ke5 0-1

[Event "Warsaw AIG Life rapid 6th"]
[Site "Warsaw"]
[Date "2006.12.16"]
[Round "2"]
[White "Gritsak, Orest"]
[Black "Malachi, Avraham"]
[Result "1-0"]
[WhiteElo "2542"]
[BlackElo "2195"]
[PlyCount "89"]
[EventDate "2006.12.16"]
[EventType "swiss (rapid)"]
[EventRounds "13"]
[EventCountry "POL"]
[SourceTitle "CBM 115 Extra"]
[Source "ChessBase"]
[SourceDate "2007.01.10"]
[SourceVersion "1"]
[SourceVersionDate "2007.01.10"]
[SourceQuality "1"]

1. Nf3 Nf6 2. c4 g6 3. g3 Bg7 4. Bg2 c6 5. 0-0 0-0 6. b3 Ne4 7. d4 d5 8. Bb2 a5 9. Nc3 Nxc3 10. Bxc3 Bf5 11. e3 Be4 12. Qe2 Nd7 13. cxd5 cxd5 14. Qb5 Qc7 15. Rfc1 Qc6 16. Qxc6 bxc6 17. Ne1 Bxg2 18. Kxg2 e5 19. dxe5 Bxe5 20. Bxe5 Nxe5 21. Nf3 Nxf3 22. Kxf3 Rfc8 23. Rc5 a4 24. b4 a3 25. Rac1 Rcb8 26. Rxc6 Rxb4 27. Rc8+ Rxc8 28. Rxc8+ Kg7 29. Ra8 d4 30. Rxa3 dxe3 31. Rxe3 Rb2 32. Re2 Rb1 33. Ke3 Kf6 34. Kd4 g5 35. Kc3 h5 36. a4 g4 37. Ra2 Rh1 38. a5 Rxh2 39. a6 h4 40. a7 hxg3 41. a8Q Rxf2 42. Rxf2+ gxf2 43. Qg2 g3 44. Kd3 Kf5 45. Qf3+ 1-0

[Event "ISR-chT"]
[Site "Israel"]
[Date "2003.03.21"]
[Round "7"]
[White "Kaplivatski, Alexander"]
[Black "Malachi, Avraham"]
[Result "1-0"]
[WhiteElo "2239"]
[BlackElo "2212"]
[PlyCount "123"]
[EventDate "2003.01.??"]
[EventType "team"]
[EventRounds "11"]
[EventCountry "ISR"]
[SourceTitle "EXT 2004"]
[Source "ChessBase"]
[SourceDate "2003.11.25"]
[SourceVersion "1"]
[SourceVersionDate "2003.11.25"]
[SourceQuality "1"]

1. e4 e5 2. Nf3 Nc6 3. Bb5 a6 4. Bxc6 dxc6 5. 0-0 f6 6. d4 exd4 7. Nxd4 c5 8. Ne2 Be6 9. Bf4 Qxd1 10. Rxd1 Bd6 11. Nbc3 0-0-0 12. Bxd6 cxd6 13. Nf4 Bf7 14. Nfd5 Nh6 15. Rd3 Rhe8 16. Rad1 Bxd5 17. Rxd5 Nf7 18. f3 Kc7 19. Kf2 Kc6 20. h4 b5 21. R5d2 h5 22. Nd5 Ne5 23. b3 a5 24. Ne3 Rd7 25. Kg3 g6 26. Kf4 Ra8 27. Nd5 Rf8 28. Nc3 f5 29. exf5 Rxf5+ 30. Ke3 Nf7 31. Nd5 g5 32. hxg5 Rxg5 33. f4 Rg3+ 34. Kf2 Rg6 35. Re2 Kb7 36. Rde1 Nd8 37. Re7 Rg7 38. Rxd7+ Rxd7 39. Nf6 Rf7 40. Nxh5 Nc6 41. c3 b4 42. c4 Ne5 43. Rd1 Rf5 44. Rxd6 Nxc4 45. bxc4 Rxh5 46. Ke3 a4 47. Rd2 a3 48. Ke4 Rh1 49. g4 Rb1 50. Kd3 b3 51. axb3 Rxb3+ 52. Ke4 Rb2 53. Rd3 a2 54. Ra3 Kc6 55. g5 Re2+ 56. Kf5 Rc2 57. g6 Rxc4 58. g7 Rc3 59. Ra6+ Kb5 60. Rxa2 Rg3 61. Kf6 c4 62. Kf7 1-0